000 00625nam a2200217 a 4500
001 000032893
003 DO-SdBNP
005 20220727111641.0
007 ta
008 110801s1943 dr 000 0 spa d
040 _aDO-SdBNP
_bspa
_cBNPHU
082 _axxxx
_bG993c
100 _aGuzmán, F. Benjamín
_923793
245 1 0 _aConstelaciones /
_cF. Benjamín Guzmán.
260 _aSantiago, República Dominicana :
_bEl Diario,
_c1943.
300 _a59 p. ;
_c18 cm.
590 _aInventariado, 2022/ YL
590 _aPerteneció a la biblioteca personal de Martínez Boog.
910 _aYLockward
942 _2ddc
_cLBS1
999 _c32384
_d32384